Normal view
MARC view
- الدين الاسلامي - اصول الدين الاسلامي
Entry Topical Term
001 - CONTROL NUMBER
- control field: 10637
003 - CONTROL NUMBER IDENTIFIER
- control field: JO-AjAnu
005 - DATE AND TIME OF LATEST TRANSACTION
- control field: 20230606072016.0
008 - FIXED-LENGTH DATA ELEMENTS
- fixed length control field: 230606|| aca||aabn | a|a d
040 ## - CATALOGING SOURCE
- Original cataloging agency: JO-AjAnu
- Transcribing agency: JO-AjAnu
150 ## - HEADING--TOPICAL TERM
- Topical term or geographic name entry element: الدين الاسلامي - اصول الدين الاسلامي
670 ## - SOURCE DATA FOUND
- Source citation: Work cat.: (JO-AjAnu)5476: تاليف حميد الدين، عبدالله بن محمد بن إسماعيل, author 10636, أصول دين الإسلام : معرفة الله سبحانه وتعالى، ج1